மைக்கேல் ஜாக்சன்: சாதனைகளும் சாிவுகளும்/
Saved in:
| Main Author: | |
|---|---|
| Format: | Book |
| Language: | English Tamil |
| Published: |
சென்னை:
ZDP Specifics,
2022
|
| Subjects: | |
| Tags: |
Add Tag
No Tags, Be the first to tag this record!
|
MARC
| LEADER | 00000nam a22000007a 4500 | ||
|---|---|---|---|
| 005 | 20260411121026.0 | ||
| 008 | 260411b |||||||| |||| 00| 0 eng d | ||
| 020 | |a 9789393882080 | ||
| 041 | |a tam |h tam | ||
| 082 | |a 920 |b சொக்க | ||
| 100 | |a சொக்கன்,என். |9 45039 | ||
| 245 | |a மைக்கேல் ஜாக்சன்: |b சாதனைகளும் சாிவுகளும்/ |c என்.சொக்கன் | ||
| 260 | |a சென்னை: |b ZDP Specifics, |c 2022 | ||
| 300 | |a 76p.: |b ; |c 21.5cm | ||
| 500 | |a Purchased | ||
| 650 | |a வாழ்க்கை வரலாறு | ||
| 942 | |c BK | ||
| 999 | |c 71302 |d 71302 | ||